Súčasné trendy v bývaní seniorov diplomová práca

Gespeichert in:
Bibliographische Detailangaben
1. Verfasser: Karáčová, Dominika
Körperschaft: Národohospodárska fakulta EU. Katedra sociálneho rozvoja a práce
Weitere Verfasser: Sika, Peter, 1975-
Format: Buch
Sprache:Slowakisch
Veröffentlicht: Bratislava 2021
Tags: Tag hinzufügen
Keine Tags, Fügen Sie das erste Tag hinzu!

MARC

LEADER 00000nbm a2200000 4500
001 0274313
005 20220121110410.5
041 0 |a slo 
044 |a SK 
245 1 0 |a Súčasné trendy v bývaní seniorov  |b diplomová práca  |c Dominika Karáčová ; školiteľ: Peter Sika 
264 1 |a Bratislava  |c 2021 
300 |a 88 s. 
100 1 |a Karáčová, Dominika 
700 1 |a Sika, Peter, 1975- 
710 2 |a Národohospodárska fakulta EU. Katedra sociálneho rozvoja a práce